Statistiken für Torschützenkönige in der Geschichte des SV Darmstadt 98

Klicken Sie hier um das Quiz zu spielen!

Allgemein

  • Dieses Quiz wurde 24 mal gespielt
  • Das Durchschnittsergebnis liegt bei 2 aus 11

Antwortstatistiken

ToreNationalitätSpieler% Korrekt
42DeustchlandDominik Stroh-Engel
52%
59TürkeiSerdar Dursun
48%
48DeustchlandBruno Labbadia
33%
56DeustchlandTobias Kempe
19%
93DeustchlandPeter Cestonaro
14%
38DeustchlandBodo Mattern
5%
75DeustchlandUwe Kuhl
5%
38DeustchlandHorst Neumann
0%
48DeustchlandManfred Drexler
0%
45DeustchlandNico Beigang
0%
54DeustchlandWalter Bechtold
0%

Verteilung der Resultate

Perzentil nach korrekt beantworteten Fragen

Anzahl Personen mit jedem Resultat

Ihre Resultats-Entwicklung

Sie haben dieses Quiz noch nicht gespielt